130 Most Famous Cities in Canada on a Map - Statistics

General Stats
  • This quiz has been taken 219 times
  • The average score is 56 of 131
Answers on the Map
Answers color-coded by a green-red scale on the quiz's map according to % correct below.
 
Answer Stats
Wiki Monthly Views Cityquiz Mention Rate Population Answers % Correct
296.17K 61.72% 1874.56K Montreal
97%
178.75K 64.88% 1114.32K Ottawa
97%
357.53K 72.69% 3110.98K Toronto
97%
292.06K 67.59% 732.58K Vancouver
97%
141.99K 46.99% 1481.47K Calgary
96%
101.11K 45.52% 1128.81K Edmonton
96%
108.51K 58.59% 578.59K Quebec City
95%
94.89K 42.99% 815.60K Winnipeg
93%
96.44K 36.42% 491.92K Halifax
91%
21.65K 23.36% 75.02K Saint John
91%
52.61K 33.23% 121.47K St. John's
91%
61.91K 32.60% 100.50K Victoria
89%
42.68K 30.56% 245.64K Regina
88%
56.89K 37.31% 474.64K London
87%
44.03K 34.05% 295.20K Saskatoon
87%
48.26K 28.93% 21.36K Yellowknife
87%
36.95K 24.84% 31.90K Whitehorse
86%
43.46K 29.11% 615.24K Hamilton
84%
44.10K 22.55% 756.45K Mississauga
79%
22.44K 18.13% 105.55K Niagara Falls
78%
29.08K 23.00% 115.71K Thunder Bay
78%
33.68K 21.73% 255.51K Windsor
77%
40.87K 19.37% 8.30K Iqaluit
75%
16.27K 16.38% 69.41K Fredericton
69%
22.29K 13.68% 300.89K Kitchener
68%
27.34K 14.68% 744.04K Brampton
67%
18.92K 16.91% 44.78K Charlottetown
65%
29.63K 13.75% 161.17K Kelowna
65%
17.94K 12.07% 298.74K Gatineau
64%
23.67K 13.30% 91.08K Moncton
64%
20.75K 17.13% 653.04K Surrey
64%
25.87K 24.94% 145.10K Kingston
62%
17.27K 12.03% 145.23K Trois-Rivières
62%
18.52K 12.78% 106.97K Kamloops
61%
19.20K 10.58% 0.87K Churchill
60%
22.00K 14.94% 179.83K Greater Sudbury
60%
18.44K 12.97% 451.99K Laval
60%
18.00K 11.99% 78.57K Sault Ste. Marie
60%
10.73K 13.76% 109.23K Red Deer
59%
13.52K 9.84% 166.84K Abbotsford
58%
12.60K 11.99% 196.16K Oshawa
58%
13.26K 11.25% 66.38K Medicine Hat
57%
18.45K 10.34% 180.94K Sherbrooke
57%
15.15K 9.29% 108.28K Nanaimo
56%
13.06K 15.40% 235.09K Richmond
55%
11.43K 8.55% 344.93K Vaughan
53%
19.15K 9.97% 283.59K Burnaby
52%
29.22K 12.76% 10.29K Banff
51%
15.10K 9.47% 156.77K Guelph
51%
18.00K 14.02% 139.70K Waterloo
51%
13.08K 10.20% 164.49K Barrie
50%
8.55K 12.54% 156.32K Cambridge
48%
15.56K 9.16% 357.30K Markham
48%
10.45K 8.40% 35.55K Moose Jaw
48%
13.76K 7.05% 149.55K St. Catharines
48%
12.70K 8.21% 107.22K Lethbridge
47%
10.77K 8.51% 92.22K Peterborough
47%
9.29K 4.46% 67.27K Grande Prairie
45%
9.68K 17.55% 30.96K Sydney
44%
20.68K 5.25% 1.75K Dawson City
42%
5.17K 7.57% 161.60K North Vancouver
42%
11.09K 6.81% 212.25K Richmond Hill
42%
14.42K 8.18% 231.89K Oakville
41%
7.04K 8.43% 135.97K Ajax
40%
8.74K 4.66% 262.60K Longueuil
39%
7.95K 5.07% 156.11K Lévis
38%
13.59K 10.71% 82.64K Prince George
38%
12.08K 7.59% 149.73K Saguenay
35%
13.50K 7.96% 78.37K Sarnia
34%
9.93K 9.26% 55.86K Brandon
33%
5.78K 5.70% 7.85K Labrador City
33%
9.40K 7.51% 12.88K Prince Rupert
33%
23.74K 9.47% 68.00K Fort McMurray
32%
8.23K 6.69% 4.03K Jasper
31%
6.20K 6.53% 187.73K Langley
30%
11.00K 12.88% 195.76K Burlington
28%
7.44K 6.50% 39.07K Prince Albert
28%
16.01K 8.25% 16.06K Whistler
27%
11.52K 5.12% 116.59K Brantford
25%
7.89K 4.59% 45.17K Chatham
25%
8.63K 5.19% 101.86K Chilliwack
25%
8.98K 6.51% 166.58K Coquitlam
25%
5.87K 6.64% 120.05K Delta
25%
10.34K 3.85% 3.38K Inuvik
25%
10.86K 5.63% 44.18K Timmins
24%
11.19K 6.60% 60.63K Belleville
23%
6.24K 4.28% 83.20K Drummondville
23%
5.32K 5.61% 15.46K Gaspé
23%
9.88K 5.67% 8.22K Happy Valley-Goose Bay
23%
6.77K 4.53% 33.16K Lloydminster
23%
11.02K 7.46% 58.39K North Bay
23%
11.65K 4.70% 47.40K West Vancouver
21%
5.32K 2.85% 102.41K Maple Ridge
20%
7.89K 9.51% 51.57K Cornwall
19%
7.28K 2.47% 100.18K Saint-Jean-sur-Richelieu
19%
14.17K 4.71% 12.43K Gander
18%
6.58K 4.49% 15.60K Kenora
18%
6.80K 7.41% 148.11K Milton
18%
7.00K 4.43% 38.65K Penticton
18%
8.51K 5.30% 109.12K Pickering
18%
7.38K 4.46% 50.57K Rimouski
18%
6.27K 3.65% 13.17K Thompson
18%
5.19K 5.77% 154.48K Whitby
18%
9.98K 4.76% 92.50K Newmarket
17%
8.67K 3.90% 20.47K Niagara-on-the-Lake
17%
10.21K 3.55% 0.18K Resolute
17%
5.78K 3.12% 24.48K Sept-Îles
17%
7.95K 5.36% 48.09K Vernon
17%
8.23K 6.50% 89.16K Dartmouth
16%
8.41K 3.66% 11.93K Nelson
16%
5.33K 3.35% 36.50K Orillia
16%
5.36K 2.80% 51.15K Shawinigan
16%
8.88K 4.23% 35.34K Stratford
16%
8.69K 4.07% 2.22K Tofino
16%
9.96K 4.14% 17.04K Canmore
14%
9.77K 1.71% 2.40K Lunenburg
14%
8.87K 3.52% 88.41K New Westminster
14%
7.48K 2.64% 23.66K Fort St. John
13%
9.78K 3.51% 25.58K Squamish
13%
6.25K 3.46% 24.29K White Rock
13%
6.09K 2.75% 22.05K Cranbrook
12%
7.12K 4.32% 4.43K Hope
11%
6.88K 3.00% 7.71K Revelstoke
11%
8.03K 3.07% 13.01K Dawson Creek
10%
6.44K 3.02% 6.50K Drumheller
10%
11.95K 1.62% 0.13K Grise Fiord
10%
9.26K 2.44% 11.70K Mont-Tremblant
10%
7.76K 1.89% 18.20K Port Hope
9%
6.80K 1.53% 1.06K Tuktoyaktuk
9%
6.26K 2.02% 12.96K Terrace
8%
8.24K 0.53% 6.36K Charlemagne
6%
No matching quizzes found
Score Distribution
Percent of People with Each Score
Percentile by Number Answered
Your Score History
You have not taken this quiz